LEADER 00706nam a2200169 i 4500 001 000000025725 003 CaOOAMICUS 005 20180830125447.0 008 180830s1930 it u000 u ita u 040 $aSeMil$bita 100 1 $aVivanti, Giulio.$0(OLS)http://semarc/name/11331 245 10$aLezioni di analisi matematica /$cGiulio Vivanti. 300 $av. ;$c26 cm. 500 $aTerza edizione ampliata e riveduta delle «Lezioni di analisi infinitesimale». 650 4$aAnalisi matematica.$0(OLS)http://semarc/subject/3876 774 0 $tAnalisi algebrica e principii della teoria delle funzioni ; Derivazione e integrazione.$g1$w()207742 996 $6245$aLezioni di analisi matematica$9(OLS)http://semarc/title/34660 LEADER 00678nam a2200169 i 4500 001 000000061452 003 CaOOAMICUS 005 19980424000000.0 008 980424n xx u000 u fre u 013 $a32624 040 $aSeMil$bita 100 1 $aHostie, Raymond,$c.$0(OLS)http://semarc/name/6410 245 10$aDu Mythe a la Religion :$bla Psychologie Analytique de C. G. Jung. 600 14$aJung, Carl Gustav <1875-1961>.$0(OLS)http://semarc/subject/4103 850 $aSeMil 852 $aSeMil$W1$xVenegono$y1$m§ 2K I 283$j253045$B27605$CSeMilBibl$Z2$F27608 $81 996 $6245$aDu Mythe a la Religion :$bla Psychologie Analytique de C. G. Jung$9(OLS)http://semarc/title/96549